000
00299nam a22001337a 4500
008
190305b xxu||||| |||| 00| 0 eng d
020
_a
9780072131406
041
_a
eng
080
_a
004
100
_a
28
101
_a
SHK
245
_a
JavaScript A Beginner's Guide
_c
Pollock,J
942
_2
udc
_c
BK
999
_c
54544
_d
54544